000
00202nam a2200085Ia 4500
008
220204s9999 xx 000 0 und d
100
_a
Sipra Das Gupta
245
0
_a
Handbook of Indian Cookery
942
_c
BK
999
_c
31202
_d
31202